[Event "V Open Escacs Xàtiva"]
[Site "Xàtiva, Spain"]
[Date "2019.07.16"]
[Round "3.11"]
[White "Deruelle Sala, Albert"]
[Black "Vila Tormo, Eduardo"]
[Result "1-0"]
[WhiteElo "2076"]
[BlackElo "1587"]
[PlyCount "63"]
[EventDate "2019.??.??"]

1. Nf3 {[%clk 01:30:58]  [%emt 00:00:01]} 1... Nf6 {
[%clk 01:30:42]  [%emt 00:00:18]} 2. g3 {[%clk 01:31:23]  [%emt 00:00:05]} 2...
b6 {[%clk 01:30:49]  [%emt 00:00:22]} 3. Bg2 {[%clk 01:31:47]  [%emt 00:00:06]}
3... Bb7 {[%clk 01:31:03]  [%emt 00:00:17]} 4. O-O {
[%clk 01:32:04]  [%emt 00:00:13]} 4... g6 {[%clk 01:31:10]  [%emt 00:00:24]} 5.
d3 {[%clk 01:32:27]  [%emt 00:00:06]} 5... Bg7 {
[%clk 01:31:24]  [%emt 00:00:16]} 6. e4 {[%clk 01:32:50]  [%emt 00:00:07]} 6...
d6 {[%clk 01:31:25]  [%emt 00:00:29]} 7. Nbd2 {[%clk 01:32:31]  [%emt 00:00:49]
} 7... O-O {[%clk 01:31:06]  [%emt 00:00:49]} 8. Re1 {
[%clk 01:32:33]  [%emt 00:00:27]} 8... e5 {[%clk 01:31:19]  [%emt 00:00:17]} 9.
Nf1 {[%clk 01:32:29]  [%emt 00:00:34]} 9... Nbd7 {
[%clk 01:31:00]  [%emt 00:00:49]} 10. h4 {[%clk 01:30:32]  [%emt 00:02:27]}
10... a5 {[%clk 01:21:31]  [%emt 00:10:00]} 11. Ne3 {
[%clk 01:29:10]  [%emt 00:01:51]} 11... d5 {[%clk 01:17:34]  [%emt 00:04:26]}
12. exd5 {[%clk 01:28:28]  [%emt 00:01:13]} 12... Nxd5 {
[%clk 01:16:21]  [%emt 00:01:44]} 13. h5 {[%clk 01:28:39]  [%emt 00:00:18]}
13... Nxe3 {[%clk 01:14:31]  [%emt 00:02:20]} 14. Bxe3 {
[%clk 01:28:58]  [%emt 00:00:11]} 14... Re8 {[%clk 01:02:39]  [%emt 00:12:21]}
15. Bh3 {[%clk 01:24:38]  [%emt 00:04:51]} 15... Bxf3 {
[%clk 00:58:25]  [%emt 00:04:44]} 16. Qxf3 {[%clk 01:24:55]  [%emt 00:00:13]}
16... e4 {[%clk 00:58:34]  [%emt 00:00:21]} 17. dxe4 {
[%clk 01:25:10]  [%emt 00:00:15]} 17... Ne5 {[%clk 00:56:50]  [%emt 00:02:14]}
18. Qe2 {[%clk 01:25:16]  [%emt 00:00:24]} 18... Qf6 {
[%clk 00:56:18]  [%emt 00:01:02]} 19. Bg2 {[%emt 00:00:47]} 19... Qe6 20. c3
Rad8 21. hxg6 hxg6 22. Qc2 Qc4 23. Qb3 {[%clk 01:24:59]} 23... a4 {
[%clk 00:27:42]} 24. Qc2 {[%clk 01:24:59]} 24... Nd3 {[%clk 00:27:42]} 25. Red1
{[%clk 01:24:59]} 25... Nb4 {[%clk 00:27:42]} 26. Qxa4 {[%clk 01:24:59]} 26...
Qe2 {[%clk 00:27:42]} 27. Rxd8 {[%clk 01:24:59]} 27... Rxd8 {[%clk 00:27:42]}
28. Qxb4 {[%clk 01:24:59]} 28... Be5 {[%clk 00:27:42]} 29. Qe7 {[%clk 01:24:59]
} 29... Rd1+ {[%clk 00:27:42]} 30. Rxd1 {[%clk 01:24:59]} 30... Qxd1+ {
[%clk 00:27:42]} 31. Bf1 {[%clk 01:24:59]} 31... Qh5 {[%clk 00:27:42]} 32. Bc4
{[%clk 01:24:59]} 1-0

[Event "V Open Escacs Xàtiva"]
[Site "Xàtiva, Spain"]
[Date "2019.07.16"]
[Round "3.12"]
[White "Kocharyan Baghdasaryan, Arman"]
[Black "Hernandez Lopez, Alberto"]
[Result "0-1"]
[WhiteElo "1620"]
[BlackElo "2038"]
[PlyCount "52"]
[EventDate "2019.??.??"]

1. e4 {[%clk 01:30:29]  [%emt 00:00:31]} 1... c5 {
[%clk 01:30:57]  [%emt 00:00:03]} 2. Nf3 {[%clk 01:30:52]  [%emt 00:00:07]}
2... e6 {[%clk 01:31:23]  [%emt 00:00:04]} 3. d4 {
[%clk 01:31:16]  [%emt 00:00:07]} 3... cxd4 {[%clk 01:31:51]  [%emt 00:00:02]}
4. c3 {[%clk 01:31:40]  [%emt 00:00:06]} 4... dxc3 {
[%clk 01:32:17]  [%emt 00:00:04]} 5. Nxc3 {[%clk 01:32:05]  [%emt 00:00:05]}
5... a6 {[%clk 01:32:36]  [%emt 00:00:11]} 6. Bc4 {[%emt 00:01:13]} 6... Nc6 {
[%clk 01:33:01]  [%emt 00:00:02]} 7. O-O {[%clk 01:31:26]  [%emt 00:00:28]}
7... b5 {[%clk 01:33:30]  [%emt 00:00:01]} 8. Bb3 {
[%clk 01:31:39]  [%emt 00:00:18]} 8... Na5 {[%clk 01:33:58]  [%emt 00:00:01]}
9. Bc2 {[%clk 01:31:43]  [%emt 00:00:26]} 9... Bb7 {
[%clk 01:34:21]  [%emt 00:00:06]} 10. Qe2 {[%clk 01:31:16]  [%emt 00:00:58]}
10... Ne7 {[%clk 01:34:45]  [%emt 00:00:06]} 11. Rd1 {
[%clk 01:30:49]  [%emt 00:00:58]} 11... Ng6 {[%clk 01:35:05]  [%emt 00:00:09]}
12. Be3 {[%clk 01:29:48]  [%emt 00:01:32]} 12... Be7 {
[%clk 01:32:15]  [%emt 00:03:19]} 13. Rac1 {[%clk 01:20:19]  [%emt 00:10:00]}
13... O-O {[%clk 01:32:09]  [%emt 00:00:35]} 14. Qd2 {
[%clk 01:12:59]  [%emt 00:07:51]} 14... Nc4 {[%clk 01:26:17]  [%emt 00:06:21]}
15. Qxd7 {[%clk 01:10:10]  [%emt 00:03:20]} 15... Nxe3 {
[%clk 01:25:45]  [%emt 00:01:01]} 16. Qxd8 {[%clk 01:09:48]  [%emt 00:00:53]}
16... Rfxd8 {[%clk 01:26:02]  [%emt 00:00:12]} 17. fxe3 {
[%clk 01:10:05]  [%emt 00:00:13]} 17... Bc5 {[%clk 01:26:09]  [%emt 00:00:23]}
18. Kf2 {[%clk 01:08:02]  [%emt 00:02:33]} 18... Kf8 {
[%clk 01:25:24]  [%emt 00:01:16]} 19. Ne2 {[%clk 01:04:09]  [%emt 00:04:22]}
19... Bb6 {[%clk 01:24:32]  [%emt 00:01:22]} 20. Ned4 {
[%clk 00:56:29]  [%emt 00:08:11]} 20... Rac8 {[%emt 00:01:27]} 21. Bd3 Ke7 22.
b3 Kf8 23. a4 Rxc1 24. Rxc1 e5 25. axb5 axb5 26. Bxb5 exd4 {[%clk 01:23:35]}
0-1

[Event "V Open Escacs Xàtiva"]
[Site "Xàtiva, Spain"]
[Date "2019.07.16"]
[Round "3.13"]
[White "Roca Cruz, Rafael"]
[Black "Ferrando Garcia, German"]
[Result "1-0"]
[WhiteElo "1880"]
[BlackElo "1410"]
[PlyCount "73"]
[EventDate "2019.??.??"]

1. d4 {[%clk 01:30:48]  [%emt 00:00:10]} 1... d5 {
[%clk 01:30:33]  [%emt 00:00:27]} 2. Bf4 {[%clk 01:31:09]  [%emt 00:00:09]}
2... e6 {[%clk 01:28:05]  [%emt 00:02:59]} 3. e3 {
[%clk 01:31:30]  [%emt 00:00:08]} 3... Bd6 {[%clk 01:28:25]  [%emt 00:00:11]}
4. Bg3 {[%clk 01:31:31]  [%emt 00:00:29]} 4... Nf6 {
[%clk 01:28:37]  [%emt 00:00:18]} 5. Nd2 {[%clk 01:30:42]  [%emt 00:01:18]}
5... c5 {[%clk 01:27:41]  [%emt 00:01:27]} 6. c3 {
[%clk 01:31:02]  [%emt 00:00:09]} 6... cxd4 {[%clk 01:26:57]  [%emt 00:01:15]}
7. exd4 {[%clk 01:30:47]  [%emt 00:00:45]} 7... Nc6 {
[%clk 01:26:11]  [%emt 00:01:16]} 8. Ngf3 {[%clk 01:31:04]  [%emt 00:00:13]}
8... Nh5 {[%clk 01:23:12]  [%emt 00:03:29]} 9. Bxd6 {
[%clk 01:25:03]  [%emt 00:06:31]} 9... Qxd6 {[%clk 01:23:27]  [%emt 00:00:15]}
10. Bb5 {[%clk 01:24:53]  [%emt 00:00:39]} 10... Nf4 {
[%clk 01:22:02]  [%emt 00:01:55]} 11. O-O {[%clk 01:13:29]  [%emt 00:11:54]}
11... Bd7 {[%clk 01:20:40]  [%emt 00:01:52]} 12. Re1 {
[%clk 01:09:45]  [%emt 00:04:14]} 12... a6 {[%clk 01:15:31]  [%emt 00:05:41]}
13. Bf1 {[%clk 01:09:53]  [%emt 00:00:21]} 13... O-O {
[%clk 01:14:52]  [%emt 00:01:09]} 14. Ne5 {[%clk 01:04:26]  [%emt 00:05:57]}
14... Bc8 {[%clk 01:04:40]} 15. Qg4 {[%clk 01:04:26]} 15... Ng6 16. f4 {
[%clk 01:04:26]} 16... Ncxe5 {[%clk 01:04:40]} 17. fxe5 {[%clk 01:04:26]} 17...
Qd8 {[%clk 01:04:40]} 18. g3 {[%clk 01:04:26]} 18... b5 {[%clk 01:04:40]} 19.
Bd3 {[%clk 01:04:26]} 19... f5 {[%clk 01:04:40]} 20. Qd1 {
[%clk 00:32:08]  [%emt 00:52:55]} 20... Bd7 {[%clk 00:58:29]  [%emt 00:02:16]}
21. Nf3 {[%clk 00:30:33]} 21... Be8 {[%clk 00:49:08]  [%emt 00:11:57]} 22. Ng5
{[%clk 00:23:03]} 22... h6 {[%clk 00:49:08]} 23. Nxe6 {[%clk 00:20:03]} 23...
Nxe5 {[%clk 00:22:24]} 24. Qe2 {[%clk 00:20:03]} 24... Qf6 {
[%clk 00:22:24]  [%emt 00:19:14]} 25. Qxe5 {[%clk 00:20:19]} 25... Qxe5 {
[%clk 00:22:24]} 26. Rxe5 {[%clk 00:20:19]} 26... Rf7 {
[%clk 00:20:54]  [%emt 00:02:52]} 27. Bxf5 {[%clk 00:18:32]} 27... Bd7 {
[%clk 00:20:54]} 28. Rae1 {[%clk 00:18:32]} 28... Re8 {[%clk 00:20:54]} 29. Bg6
{[%clk 00:18:32]} 29... Rxe6 {[%clk 00:20:54]} 30. Rxe6 {[%clk 00:18:32]} 30...
Bxe6 {[%clk 00:20:54]} 31. Rxe6 {[%clk 00:18:32]} 31... Rf6 {[%clk 00:20:54]}
32. Rxf6 {[%clk 00:18:32]} 32... gxf6 {[%clk 00:20:54]} 33. h4 {[%clk 00:18:32]
} 33... Kf8 {[%clk 00:20:54]} 34. Kf2 {[%clk 00:18:32]} 34... Ke7 {
[%clk 00:20:54]} 35. Kf3 {[%clk 00:18:32]} 35... Ke6 {[%clk 00:20:54]} 36. Kf4
{[%clk 00:18:32]} 36... a5 {[%clk 00:20:54]} 37. b4 {[%clk 00:18:32]} 1-0

[Event "V Open Escacs Xàtiva"]
[Site "Xàtiva, Spain"]
[Date "2019.07.16"]
[Round "3.14"]
[White "Domenech Briz, Jose"]
[Black "Camison Zornoza, Cesar"]
[Result "0-1"]
[WhiteElo "1565"]
[BlackElo "1872"]
[PlyCount "92"]
[EventDate "2019.??.??"]

1. e4 {[%clk 01:30:57]  [%emt 00:00:02]} 1... Nf6 {
[%clk 01:30:51]  [%emt 00:00:09]} 2. e5 {[%clk 01:31:05]  [%emt 00:00:23]} 2...
Nd5 {[%clk 01:31:14]  [%emt 00:00:07]} 3. d4 {[%clk 01:31:06]  [%emt 00:00:28]}
3... d6 {[%clk 01:31:38]  [%emt 00:00:06]} 4. Nf3 {
[%clk 01:30:55]  [%emt 00:00:41]} 4... dxe5 {[%clk 01:32:00]  [%emt 00:00:09]}
5. dxe5 {[%clk 01:31:19]  [%emt 00:00:06]} 5... Bg4 {
[%clk 01:32:15]  [%emt 00:00:14]} 6. Bc4 {[%clk 01:30:56]  [%emt 00:00:54]}
6... e6 {[%clk 01:31:03]  [%emt 00:01:41]} 7. O-O {
[%clk 01:29:42]  [%emt 00:01:44]} 7... Nc6 {[%clk 01:30:41]  [%emt 00:00:52]}
8. Re1 {[%clk 01:27:56]  [%emt 00:02:17]} 8... Be7 {
[%clk 01:27:31]  [%emt 00:03:40]} 9. h3 {[%clk 01:26:51]  [%emt 00:01:35]} 9...
Bxf3 {[%clk 01:27:39]  [%emt 00:00:21]} 10. Qxf3 {[%emt 00:09:24]} 10... Nd4 {
[%clk 01:12:52]  [%emt 00:06:04]} 11. Qd3 {[%emt 00:06:12]} 11... Nb6 {
[%clk 01:09:28]  [%emt 00:02:53]} 12. Be3 {[%clk 01:11:53]  [%emt 00:11:07]}
12... Nf5 {[%clk 01:03:11]  [%emt 00:06:47]} 13. Bxb6 {[%clk 00:58:42]} 13...
axb6 {[%clk 01:03:11]} 14. a3 {[%clk 00:58:42]} 14... Qxd3 {[%clk 01:03:11]}
15. Bxd3 {[%clk 00:58:42]} 15... Nd4 {[%clk 01:03:11]} 16. Nc3 {[%clk 00:58:42]
} 16... O-O {[%clk 01:03:11]} 17. Rad1 {[%clk 00:58:42]} 17... Rfd8 {
[%clk 01:03:11]} 18. Nb5 {[%clk 00:58:42]} 18... Nxb5 {[%clk 01:03:11]} 19.
Bxb5 {[%clk 00:58:42]} 19... c6 {[%clk 01:03:11]} 20. Bd3 {[%clk 00:58:42]}
20... g6 {[%clk 01:03:11]} 21. Be4 {[%clk 00:58:42]} 21... Kf8 {[%clk 01:03:11]
} 22. Kf1 {[%clk 00:58:42]} 22... Ra5 {[%clk 01:03:11]} 23. f4 {[%clk 00:58:42]
} 23... Ke8 {[%clk 01:03:11]} 24. Ke2 {[%clk 00:58:42]} 24... Ra4 {
[%clk 01:03:11]} 25. Kf3 {[%clk 00:58:42]} 25... b5 {[%clk 01:03:11]} 26. Rxd8+
{[%clk 00:58:42]} 26... Kxd8 {[%clk 01:03:11]} 27. g3 {[%clk 00:58:42]} 27...
Kc7 {[%clk 01:03:11]} 28. h4 {[%clk 00:58:42]} 28... b4 {[%clk 01:03:11]} 29.
axb4 {[%clk 00:58:42]} 29... Rxb4 {[%clk 01:03:11]} 30. b3 {[%clk 00:58:42]}
30... h5 {[%clk 01:03:11]} 31. g4 {[%clk 00:58:42]} 31... Bxh4 {[%clk 01:03:11]
} 32. Rh1 {[%clk 00:58:42]} 32... hxg4+ {[%clk 01:03:11]} 33. Kxg4 {
[%clk 00:58:42]} 33... Rxe4 {[%clk 01:03:11]} 34. Rxh4 {[%clk 00:58:42]} 34...
Kd7 {[%clk 01:03:11]} 35. Rh3 {[%clk 00:58:42]} 35... Ke7 {[%clk 01:03:11]} 36.
Kg5 {[%clk 00:58:42]} 36... Re2 {[%clk 01:03:11]} 37. c4 {[%clk 00:58:42]}
37... Rg2+ {[%clk 01:03:11]} 38. Kh4 {[%clk 00:58:42]} 38... f6 {
[%clk 01:03:11]} 39. Rg3 {[%clk 00:58:42]} 39... Rh2+ {[%clk 01:03:11]} 40. Rh3
{[%clk 00:58:42]} 40... g5+ {[%clk 01:03:11]} 41. fxg5 {[%clk 00:58:42]} 41...
fxg5+ {[%clk 01:03:11]} 42. Kg3 {[%clk 00:58:42]} 42... Rxh3+ {[%clk 01:03:11]}
43. Kxh3 {[%clk 00:58:42]} 43... Kf7 {[%clk 01:03:11]} 44. Kg4 {[%clk 00:58:42]
} 44... Kg6 {[%clk 01:03:11]} 45. b4 {[%clk 00:58:42]} 45... b5 {
[%clk 01:03:11]} 46. cxb5 {[%clk 00:58:42]} 46... cxb5 {[%clk 01:03:11]} 0-1

[Event "V Open Escacs Xàtiva"]
[Site "Xàtiva, Spain"]
[Date "2019.07.16"]
[Round "3.15"]
[White "Soriano Pallas, Rafael"]
[Black "Perucho Ortega, Jordan"]
[Result "1-0"]
[WhiteElo "1839"]
[BlackElo "1367"]
[PlyCount "63"]
[EventDate "2019.??.??"]

1. e4 {[%clk 01:30:30]} 1... g6 {[%clk 01:26:51]  [%emt 00:04:09]} 2. d4 {
[%clk 01:31:15]  [%emt 00:00:21]} 2... Bg7 {[%clk 01:27:08]  [%emt 00:00:05]}
3. Nc3 {[%clk 01:31:25]  [%emt 00:00:33]} 3... e6 {
[%clk 01:27:07]  [%emt 00:00:18]} 4. Nf3 {[%clk 01:31:23]  [%emt 00:00:35]}
4... Ne7 {[%clk 01:27:03]  [%emt 00:00:32]} 5. Be3 {
[%clk 01:29:32]  [%emt 00:02:21]} 5... O-O {[%clk 01:27:00]  [%emt 00:00:32]}
6. Qd2 {[%clk 01:29:30]  [%emt 00:00:39]} 6... d5 {
[%clk 01:26:43]  [%emt 00:00:41]} 7. Bg5 {[%clk 01:27:47]  [%emt 00:02:18]}
7... Qd6 {[%clk 01:25:36]  [%emt 00:01:36]} 8. e5 {
[%clk 01:27:23]  [%emt 00:00:51]} 8... Qd7 {[%clk 01:25:19]  [%emt 00:00:48]}
9. O-O-O {[%clk 01:23:47]  [%emt 00:04:27]} 9... b6 {
[%clk 01:25:24]  [%emt 00:00:07]} 10. h4 {[%clk 01:23:58]  [%emt 00:00:16]}
10... h5 {[%clk 01:25:03]  [%emt 00:00:52]} 11. Bd3 {
[%clk 01:17:54]  [%emt 00:07:00]} 11... c5 {[%clk 01:24:30]  [%emt 00:00:42]}
12. Bb5 {[%clk 01:16:50]  [%emt 00:01:27]} 12... Qc7 {
[%clk 01:24:10]  [%emt 00:01:04]} 13. Be2 {[%clk 01:12:13]  [%emt 00:05:18]}
13... cxd4 {[%clk 01:24:00]  [%emt 00:00:26]} 14. Nb5 {
[%clk 01:12:08]  [%emt 00:00:24]} 14... Qd7 {[%clk 01:23:16]  [%emt 00:01:14]}
15. Nbxd4 {[%clk 01:11:57]  [%emt 00:00:49]} 15... Ba6 {
[%clk 01:22:57]  [%emt 00:01:10]} 16. Rhe1 {[%clk 01:11:10]  [%emt 00:00:49]}
16... Bxe2 {[%clk 01:20:03]  [%emt 00:04:00]} 17. Rxe2 {[%clk 01:11:08]} 17...
f6 {[%clk 01:20:06]  [%emt 00:00:23]} 18. exf6 {
[%clk 01:10:35]  [%emt 00:01:00]} 18... Bxf6 {[%clk 01:20:19]  [%emt 00:00:50]}
19. Nxe6 {[%clk 01:08:07]  [%emt 00:02:33]} 19... Qb5 {
[%clk 01:19:10]  [%emt 00:01:59]} 20. Bxf6 {[%clk 01:07:16]  [%emt 00:00:59]}
20... Rxf6 {[%clk 01:19:11]  [%emt 00:00:22]} 21. Nc7 {
[%clk 01:07:03]  [%emt 00:00:43]} 21... Qa5 {[%clk 01:19:01]  [%emt 00:00:43]}
22. Qxa5 {[%clk 01:07:13]  [%emt 00:00:31]} 22... bxa5 {
[%clk 01:19:11]  [%emt 00:00:16]} 23. Rxe7 {[%clk 01:05:59]  [%emt 00:02:09]}
23... Nc6 {[%clk 01:19:09]  [%emt 00:00:08]} 24. Re6 {
[%clk 01:05:53]  [%emt 00:00:28]} 24... Rxe6 {[%clk 01:19:11]  [%emt 00:00:27]}
25. Nxe6 {[%clk 01:06:14]  [%emt 00:00:20]} 25... Re8 {[%clk 01:19:37]} 26.
Nfg5 {[%clk 01:06:03]  [%emt 00:00:40]} 26... Nb4 {
[%clk 01:19:54]  [%emt 00:00:24]} 27. a3 {[%clk 01:06:13]  [%emt 00:00:05]}
27... Nc6 {[%clk 01:20:03]  [%emt 00:00:29]} 28. Rxd5 {
[%clk 01:06:28]  [%emt 00:00:06]} 28... Ne7 {[%clk 01:20:10]  [%emt 00:00:18]}
29. Rxa5 {[%clk 01:06:22]  [%emt 00:00:37]} 29... Nf5 {
[%clk 01:20:29]  [%emt 00:00:11]} 30. Rxa7 {[%clk 01:06:05]  [%emt 00:00:50]}
30... Nxh4 {[%clk 01:20:41]  [%emt 00:00:14]} 31. Rg7+ {
[%clk 01:06:24]  [%emt 00:00:28]} 31... Kh8 {[%clk 01:20:45]  [%emt 00:00:10]}
32. Nf7# {[%emt 00:00:12]} 1-0

[Event "V Open Escacs Xàtiva"]
[Site "Xàtiva, Spain"]
[Date "2019.07.16"]
[Round "3.16"]
[White "Ecija Molina, Juan"]
[Black "Albuixech Sanz, Jorge"]
[Result "0-1"]
[WhiteElo "1379"]
[BlackElo "1781"]
[PlyCount "67"]
[EventDate "2019.??.??"]

1. c4 {[%clk 01:26:59]} 1... Nf6 {[%clk 01:30:22]  [%emt 00:00:38]} 2. d3 {
[%clk 01:27:07]  [%emt 00:00:40]} 2... g6 {[%clk 01:30:29]  [%emt 00:00:21]} 3.
e4 {[%clk 01:27:05]  [%emt 00:00:16]} 3... d6 {[%clk 01:30:05]  [%emt 00:00:55]
} 4. h3 {[%clk 01:26:58]  [%emt 00:01:10]} 4... Bg7 {[%clk 01:30:20]} 5. Nc3 {
[%clk 01:27:00]  [%emt 00:00:23]} 5... O-O {[%clk 01:30:23]  [%emt 00:00:11]}
6. Nf3 {[%clk 01:26:16]  [%emt 00:01:18]} 6... e5 {
[%clk 01:27:38]  [%emt 00:03:19]} 7. Bg5 {[%clk 01:23:04]  [%emt 00:03:48]}
7... c6 {[%clk 01:27:59]  [%emt 00:00:13]} 8. b4 {
[%clk 01:21:09]  [%emt 00:02:10]} 8... Na6 {[%clk 01:27:27]  [%emt 00:01:00]}
9. a3 {[%clk 01:21:16]  [%emt 00:00:34]} 9... Nc7 {
[%clk 01:27:17]  [%emt 00:00:44]} 10. Ra2 {[%clk 01:16:36]  [%emt 00:05:03]}
10... Bd7 {[%clk 01:21:40]  [%emt 00:05:58]} 11. d4 {
[%clk 01:15:06]  [%emt 00:02:00]} 11... exd4 {[%clk 01:16:44]  [%emt 00:05:25]}
12. Nxd4 {[%clk 01:14:24]  [%emt 00:01:12]} 12... Ne6 {
[%clk 01:16:23]  [%emt 00:00:51]} 13. Nf3 {[%clk 01:09:34]  [%emt 00:05:21]}
13... Nxg5 {[%clk 01:16:03]  [%emt 00:00:50]} 14. Nxg5 {
[%clk 01:09:41]  [%emt 00:00:33]} 14... Nh5 {[%clk 01:16:23]  [%emt 00:00:03]}
15. Qc1 {[%clk 01:06:00]  [%emt 00:04:17]} 15... Bxc3+ {
[%clk 01:16:37]  [%emt 00:00:07]} 16. Qxc3 {[%clk 01:06:15]  [%emt 00:00:15]}
16... Qxg5 {[%clk 01:16:58]  [%emt 00:00:22]} 17. g3 {
[%clk 01:01:20]  [%emt 00:05:12]} 17... Rfe8 {[%clk 01:11:33]  [%emt 00:05:54]}
18. Bg2 {[%clk 01:00:09]  [%emt 00:01:43]} 18... a5 {
[%clk 01:00:38]  [%emt 00:11:22]} 19. O-O {[%clk 00:55:53]  [%emt 00:04:46]}
19... Qe5 {[%clk 00:49:37]  [%emt 00:11:33]} 20. Qd2 {
[%clk 00:51:56]  [%emt 00:04:27]} 20... Nf6 {[%clk 00:48:18]  [%emt 00:01:48]}
21. Re1 {[%clk 00:44:26]  [%emt 00:08:02]} 21... axb4 {
[%clk 00:43:31]  [%emt 00:05:24]} 22. Qxb4 {[%clk 00:43:01]  [%emt 00:01:49]}
22... Qa5 {[%clk 00:42:37]  [%emt 00:01:23]} 23. Qb1 {
[%clk 00:43:15]  [%emt 00:00:15]} 23... d5 {[%clk 00:39:28]  [%emt 00:03:39]}
24. cxd5 {[%clk 00:39:13]  [%emt 00:04:57]} 24... Nxd5 {
[%clk 00:39:27]  [%emt 00:00:25]} 25. Ra1 {[%clk 00:36:49]  [%emt 00:02:45]}
25... Nf6 {[%clk 00:37:08]  [%emt 00:02:41]} 26. f4 {
[%clk 00:32:00]  [%emt 00:05:22]} 26... Qc3 {[%clk 00:33:58]  [%emt 00:04:14]}
27. g4 {[%clk 00:20:07]  [%emt 00:11:50]} 27... b5 {
[%clk 00:28:59]  [%emt 00:05:29]} 28. Qd1 {[%clk 00:16:51]  [%emt 00:03:38]}
28... Rad8 {[%clk 00:28:15]  [%emt 00:01:17]} 29. e5 {
[%clk 00:13:43]  [%emt 00:03:36]} 29... Nd5 {[%clk 00:27:13]  [%emt 00:01:32]}
30. Rc1 {[%clk 00:12:17]  [%emt 00:01:56]} 30... Qxa3 {
[%clk 00:26:59]  [%emt 00:00:43]} 31. Bxd5 {[%clk 00:12:26]  [%emt 00:00:24]}
31... cxd5 {[%clk 00:26:50]  [%emt 00:00:39]} 32. Qxd5 {
[%clk 00:12:42]  [%emt 00:00:12]} 32... Bxg4 {[%clk 00:26:26]  [%emt 00:01:15]}
33. Qg2 {[%clk 00:03:40]  [%emt 00:09:15]} 33... Qxh3 {
[%clk 00:26:00]  [%emt 00:00:51]} 34. Qf2 {[%clk 00:00:56]  [%emt 00:03:16]}
0-1

[Event "V Open Escacs Xàtiva"]
[Site "Xàtiva, Spain"]
[Date "2019.07.16"]
[Round "3.17"]
[White "Gukasov, Artem"]
[Black "Gomar Juan, Miguel"]
[Result "0-1"]
[WhiteElo "1369"]
[BlackElo "1779"]
[PlyCount "56"]
[EventDate "2019.??.??"]

1. e4 {[%clk 01:30:56]  [%emt 00:00:04]} 1... e5 {
[%clk 01:30:53]  [%emt 00:00:21]} 2. Nf3 {[%clk 01:31:19]} 2... Nc6 {
[%clk 01:31:16]} 3. Bc4 {[%clk 01:31:40]  [%emt 00:00:07]} 3... Nf6 {
[%clk 01:31:36]  [%emt 00:00:16]} 4. d3 {[%clk 01:31:58]  [%emt 00:00:17]} 4...
Be7 {[%clk 01:31:30]  [%emt 00:00:31]} 5. Nc3 {[%clk 01:32:14]  [%emt 00:00:10]
} 5... O-O {[%clk 01:31:12]  [%emt 00:00:44]} 6. Be3 {
[%clk 01:32:30]  [%emt 00:00:33]} 6... d6 {[%clk 01:31:06]  [%emt 00:00:31]} 7.
O-O {[%clk 01:32:19]  [%emt 00:01:12]} 7... a6 {
[%clk 01:30:15]  [%emt 00:00:40]} 8. a3 {[%clk 01:32:03]  [%emt 00:00:46]} 8...
Na5 {[%clk 01:28:58]  [%emt 00:01:44]} 9. Ba2 {[%clk 01:32:13]  [%emt 00:00:20]
} 9... c5 {[%clk 01:29:00]  [%emt 00:01:07]} 10. Nd5 {
[%clk 01:30:54]  [%emt 00:01:39]} 10... Nxd5 {[%clk 01:26:11]  [%emt 00:02:49]}
11. Bxd5 {[%clk 01:30:50]  [%emt 00:00:36]} 11... Nc6 {
[%clk 01:25:52]  [%emt 00:00:49]} 12. c4 {[%clk 01:28:45]  [%emt 00:03:23]}
12... Kh8 {[%clk 01:24:56]  [%emt 00:00:39]} 13. Qd2 {
[%clk 01:28:04]  [%emt 00:01:08]} 13... f5 {[%clk 01:23:55]  [%emt 00:01:32]}
14. Bg5 {[%clk 01:26:57]  [%emt 00:01:40]} 14... f4 {
[%clk 01:23:32]  [%emt 00:01:08]} 15. Bxe7 {[%clk 01:24:30]  [%emt 00:02:38]}
15... Nxe7 {[%clk 01:21:16]  [%emt 00:02:55]} 16. b4 {
[%clk 01:23:06]  [%emt 00:01:48]} 16... Nxd5 {[%clk 01:21:07]  [%emt 00:00:34]}
17. cxd5 {[%clk 01:23:05]  [%emt 00:00:50]} 17... b6 {
[%clk 01:13:24]  [%emt 00:08:23]} 18. a4 {[%clk 01:18:52]  [%emt 00:04:16]}
18... g5 {[%clk 01:12:29]  [%emt 00:01:25]} 19. h3 {
[%clk 01:16:28]  [%emt 00:03:33]} 19... h5 {[%clk 01:12:38]  [%emt 00:00:18]}
20. Nh2 {[%clk 01:15:19]  [%emt 00:01:04]} 20... g4 {
[%clk 01:11:11]  [%emt 00:01:55]} 21. hxg4 {[%emt 00:00:24]} 21... hxg4 {
[%emt 00:01:55]} 22. g3 {[%clk 01:07:29]  [%emt 00:06:01]} 22... Ra7 {
[%clk 01:10:39]  [%emt 00:01:08]} 23. Qc3 {[%clk 01:05:05]  [%emt 00:02:48]}
23... f3 {[%clk 01:09:34]  [%emt 00:01:35]} 24. Rfc1 {
[%clk 01:03:07]  [%emt 00:02:28]} 24... Qg5 {[%clk 01:08:24]  [%emt 00:01:41]}
25. Kf1 {[%clk 00:57:01]  [%emt 00:06:37]} 25... Rh7 {
[%clk 01:08:32]  [%emt 00:00:36]} 26. Ke1 {[%clk 00:55:47]  [%emt 00:01:48]}
26... Rxh2 {[%clk 01:08:46]  [%emt 00:00:14]} 27. Kd1 {
[%clk 00:55:15]  [%emt 00:00:46]} 27... Rxf2 {[%clk 01:07:51]  [%emt 00:01:20]}
28. Ke1 {[%clk 00:49:56]  [%emt 00:06:15]} 28... Qe3+ {
[%clk 01:07:51]  [%emt 00:00:08]} 0-1